Science and technology breakthroughs : (Record no. 8588)
[ view plain ]
| 000 -LEADER | |
|---|---|
| fixed length control field | 00531pam a2200157 a 4500 |
| 020 ## - ISBN | |
| International Standard Book Number | 0787619280 (v. l : alk. paper) |
| 020 ## - ISBN | |
| International Standard Book Number | 0787619299 (v. 2 : alk. paper) |
| 050 00 - LIBRARY OF CONGRESS CALL NUMBER | |
| Classification Number | Q173 |
| Item Number | .B89 1998 |
| 100 1# - MAIN ENTRY--Author | |
| Personal name | Bruno, Leonard C. |
| 245 10 - TITLE | |
| Title | Science and technology breakthroughs : |
| Remainder of title | from the wheel to the World Wide Web / |
| Statement of responsibility, etc | Leonard C. Bruno. |
| 260 ## - PUBLICATION, DISTRIBUTION, ETC.(IMPRINT) | |
| Place of publication, distribution, etc | Detroit, Mich. [USA] : |
| Name of publisher, distributor, etc | U.X.L., |
| Date of publication, distribution, etc | c1998. |
| 300 ## - PHYSICAL DESCRIPTION | |
| Extent | 2 v. (xxxv, 504 p.) : |
| 500 ## - GENERALNOTE | |
| General note | Includes index. |
| 650 ## - SUBJECT--TOPIC | |
| General subdivision | Science ; |
| -- | Technology ; |
| -- | Inventions. |
| 942 ## - ADDED ENTRY ELEMENTS(KOHA) | |
| Source of classification or shelving scheme | Library of Congress Classification |
| Koha item type | General circulation |
| Source of classification or shelving scheme | Not for loan | Location (home branch) | Sublocation (holding branch) | Shelving location | Date accessioned | Cost, normal purchase price | Full call number | Barcode | Cost, replacement price | Nonpublic note | Koha item type | Public note |
|---|---|---|---|---|---|---|---|---|---|---|---|---|
| Library of Congress Classification | Main Campus Library | Main Campus Library | 06/08/2015 | 3900.00 | Q173 .B89 1998 | 2015/006923 | 4290.00 | Nzk | General circulation | Nzk |